000 00876cam a2200217 i 4500
005 20200104041735.0
008 930915s1991 ck ab b 000 0 spa d
040 _aMoSB
_cDLC
_dDLC
_dCO-BoIAVH
041 0 _aspa
_beng
082 0 4 _a381.437
_bR69b
100 1 _aRodríguez Fernández, Carlos Alberto.
245 1 0 _aBagres, malleros y cuerderos en el bajo Río Caquetá
_bcommercial fisheries in the lower Caqueta River /
_cpor Carlos Alberto Rodríguez Fernández.
260 _aBogotá :
_bTropenbos,
_c1991.
300 _a152 páginas :
_bilustraciones y mapas ;
_c24 cm.
490 0 _aEstudios en la Amazonia colombiana ;
_v2
504 _aIncluye referencias bibliográficas.
546 _aTexto en español e inglès.
650 1 4 _aIndustria pesquera
650 2 4 _aIndustria pesquera
_xAdministración
_zCaqueta (Colombia)
942 _2ddc
_cLIBRO
999 _c17936
_d17936